Kliknij planetę - Statystyki

Ogólne statystyki
  • Ten quiz został rozwiązany 11 750 razy
  • Średni wynik to 11 z 20
Statystyki odpowiedzi
Hint Odpowiedź % Poprawnych
Największa planeta 5. Jowisz
87%
Posiada najwięcej restauracji KFC 3. Ziemia
81%
Znana jako "Czerwona planeta" 4. Mars
79%
Ma najwięcej pierścieni
6. Saturn
79%
Najmniejsza planeta 1. Merkury
77%
Czasem znajduje się dalej od Słońca, niż Pluton
8. Neptun
73%
Nazwana imieniem rzymskiej bogini miłości 2. Wenus
71%
Nazwana imieniem rzymskiego boga mórz 8. Neptun
70%
NASA wysłała tam łazik Perseverance w celach eksploracyjnych
4. Mars
67%
Ma najwięcej wody na swojej powierzchni
3. Ziemia
65%
Nazwana imieniem rzymskiego boga wojen 4. Mars
63%
Krąży wokół niej największy księżyc Układu Słonecznego (Ganimedes) 5. Jowisz
53%
Jest na niej Wielka Czerwona Plama 5. Jowisz
49%
Osiąga najwyższe temperatury
2. Wenus
42%
Największa planeta skalista 3. Ziemia
40%
Jedna z konsol Segi wzięła swą nazwę od tej planety
6. Saturn
38%
Ma najwięcej kraterów i wygląda podobnie do ziemskiego Księżyca
1. Merkury
32%
Ma najbardziej odchyloną oś obrotu wokół własnej osi
7. Uran
29%
Planeta gazowa o najmniejszej objętości
8. Neptun
23%
Pierwsza, od której nazwano metal (niekoniecznie w języku polskim)
1. Merkury
21%
Nie znaleziono quizów pasujących do podanych kryteriów
Rozkład punktacji
Procent ludzi z każdym wynikiem
Percentyl według liczby udzielonych odpowiedzi
Twoja historia wyników
Nie rozwiązałeś tego quizu